ダムの貯水量ランキングTOP10 - Statistics

General Stats
  • This quiz has been taken 3 times
  • The average score is 5 of 10
Answer Stats
所在地 水系 河川 総貯水量(1000m3) Answer % Correct
岐阜県 木曽川 揖斐川 660 000 徳山ダム
67%
福島県新潟県 阿賀野川 只見川 601 000 奥只見ダム
67%
北海道 石狩川 夕張川 433 000 夕張シューパロダム
67%
福井県 九頭竜川 九頭竜川 353 000 九頭竜ダム
67%
静岡県愛知県 天竜川 天竜川 326 848 佐久間ダム
67%
福島県 阿賀野川 只見川 494 000 田子倉ダム
33%
岐阜県 庄川 庄川 370 000 御母衣ダム
33%
奈良県 熊野川 北山川 338 400 池原ダム
33%
高知県 吉野川 吉野川 316 000 早明浦ダム
33%
宮崎県 一ツ瀬川 一ツ瀬川 261 315 一ツ瀬ダム
0%
No matching quizzes found
Score Distribution
Percent of People with Each Score
Percentile by Number Answered
Your Score History
You have not taken this quiz